Democracy in Czechoslovakia

Bibliographic Details
Main Author: Lewis, Brackett, narodený 1894- (Author)
Format: Book
Language:English
PhysicalDescription:96 strán tabuľky 23 cm
Published: New York Czechoslovak Information Service [1941]
Edition:[4th revised edition]
Series:Czechoslovak sources and documents
Subjects:

MARC

LEADER 00000cam a2200000 a 4500
001 vtls001357964
003 SK-MaSNL
005 20260311121242.0
008 250313s1941 xxu f np 000 0 eng
015 |a SNBA1950 
020 |q (viazané) 
035 |a SNK000311477 
035 |a urn:nbn:sk:snk-am3i3tc 
035 |a ECEA82D2-24A2-4F91-BAE4-60B0A9116194 
035 |a urn:nbn:sk:snk-am00diy3 
040 |a SNK  |b slo  |c SNK  |e AACR2 
041 0 |a eng 
043 |a e-cs--- 
044 |a xxu  |c US 
072 7 |a 323  |x Vnútropolitický vývoj, politický život  |2 konspekt 
080 |a 323.21  |2 2011 
080 |a 321.7+342.34  |2 2011 
080 |a (437)  |2 2011 
080 |a (048.8)  |2 2011 
100 1 |a Lewis, Brackett,  |d narodený 1894-  |4 aut  |9 178804 
245 1 0 |a Democracy in Czechoslovakia  |c by Brackett Lewis 
250 |a [4th revised edition] 
260 |a New York  |b Czechoslovak Information Service  |c [1941] 
300 |a 96 strán  |b tabuľky  |c 23 cm 
490 1 |a Czechoslovak sources and documents  |v No. 3 
500 |a Poznámky pod čiarou 
500 |a This volume is the fourth revised edition of "Democracy in Czechoslovakia" by Brackett Lewis. The third edition was issued in New York in 1941 by the American Friends of Czechoslovakia. 
504 |a Bibliografia na strane 95-96 
650 0 7 |a občianska spoločnosť  |2 SNKPH  |9 4424 
650 0 7 |a demokracia  |2 SNKPH  |9 3564 
651 7 |a Československo  |2 SNKPHgeo  |9 21376 
655 7 |a štúdie  |2 SNKPH  |9 57033 
830 0 |a Czechoslovak sources and documents  |9 292595 
852 |a Slovenská národná knižnica 
958 |a RK 
958 |a TL 
958 |a SP 
958 |a NB 
958 |a OND 
999 |c 548513  |d 550443 
952 |a SNK  |b SNK  |y PREZ  |7 0  |p 17A0186995  |o snkSC 21951  |i snkK 5179/66  |8 3  |0 0  |1 0  |4 0  |d 1999-03-16  |l 0  |r 2005-01-02 00:00:00  |w 2026-02-23 
952 |a SNK  |b SNK  |y VYP  |7 0  |p 17A1076866  |o snkSC 21951 D1  |i snkK 3132/68  |8 3  |g 5.81  |0 0  |1 0  |4 0  |d 2004-02-17  |l 0  |r 2005-01-02 00:00:00  |w 2026-02-23 
952 |a SNK  |b SNK  |y PREZ  |7 0  |p 17A0799072  |o snkSC 9258  |i snk 2282/57  |0 0  |1 0  |4 0  |d 2019-09-05  |f 1  |l 0  |r 2025-07-09 00:00:00  |w 2026-02-23